[Event "COL-ch Students"]
[Site "Popayan"]
[Date "2024.05.02"]
[Round "2"]
[White "Delgado Rodallega, Erwin Damar"]
[Black "Capera Lopez, Sergio Andres"]
[Result "1/2-1/2"]
[WhiteElo "1612"]
[BlackElo "1803"]
[PlyCount "97"]
[EventDate "2024.05.02"]
[EventType "swiss"]
[EventRounds "7"]
[EventCountry "COL"]
[SourceTitle "CBM 220 Extra"]
[Source "ChessBase"]
[SourceDate "2024.07.31"]
[SourceVersion "1"]
[SourceVersionDate "2024.07.31"]
[SourceQuality "1"]

1. e4 c5 2. Nc3 d6 3. f3 Nf6 4. Bc4 e6 5. d3 a6 6. a4 Bd7 7. Bg5 Be7 8. Nge2 h6 9. Bh4 Bc6 10. d4 Nbd7 11. Bxf6 Nxf6 12. d5 exd5 13. exd5 Bd7 14. a5 0-0 15. Na4 Bxa4 16. Rxa4 Nd7 17. Bb3 Re8 18. 0-0 b5 19. axb6 Qxb6 20. Kh1 Rab8 21. Qd3 Qb5 22. Qd1 Bf6 23. Ng3 Bxb2 24. Ne4 Rb6 25. Nd2 Ne5 26. f4 c4 27. fxe5 cxb3 28. cxb3 Bxe5 29. Qf3 Rb7 30. Rg4 Rbe7 31. Nc4 Qd7 32. Na5 Bf6 33. Nc6 Re3 34. Qxf6 Qxg4 35. Qxf7+ Kh8 36. h3 Qg3 37. Nd4 Re1 38. Ne6 Rxf1+ 39. Qxf1 Qe5 40. Qf7 Rc8 41. Nc7 Qf6 42. Qxf6 gxf6 43. Nxa6 Rc1+ 44. Kh2 Rb1 45. b4 Rb3 46. Kg1 Ra3 47. b5 Ra5 48. Nc7 Ra7 49. Ne6 1/2-1/2